000 00950nam a2200277 c 4500
003 BLK
005 20190413103245.0
008 180411b bul|||||r ||||||| ||bul||
010 _aKNG00180913000
040 _aBLK
041 _aBUL
_cBUL
080 _aБългарска литература
_b821.163.2
_x-2
_z821.163.2-2
100 1 _aРусев, Никола Петров
_eпърви автор
_9374886
139 _aРусев, Никола Петров
_bР 94
245 1 0 _aЛют звяр
_bЮнаци с умни калпаци : Дет. пиеси
_cНикола Петров Русев.
257 _aBGR
260 София
_bБълг. писател
_c1984
300 _a84 с.
_c21 см
380 _aX
500 _a3 613 тир.
852 _aЦб 132166
856 4 _qpdf
_u
856 4 _qpdf
_u
942 _cKNG
_n0
_04
944 _aCR
_c03.09.2015
_kНаталия_Любомирова
944 _aED
_c03.09.2015
_kНаталия_Любомирова
999 _c172575
_d172575